[Event "33rd Pula Open 2019"]
[Site "Pula"]
[Date "2019.06.26"]
[Round "6.1"]
[White "Jovanovic, Zoran"]
[Black "Saric, Ante"]
[Result "1/2-1/2"]
[WhiteElo "2503"]
[BlackElo "2542"]
[Annotator "TA"]
[PlyCount "19"]
[EventDate "2019.06.22"]
[EventType "swiss"]
[EventCountry "CRO"]
[SourceTitle "playchess.com"]
[Source "ChessBase"]
[SourceQuality "1"]

{[%evp 16,19,0,0,0,-8]} 1. e4 e5 2. Nf3 Nf6 3. Nxe5 d6 4. Nf3 Nxe4 5. d4 d5 6. Bd3 Bd6 7. O-O O-O 8. Nc3 Nxc3 9. bxc3 Nc6 {C42: Petroff Defence: 3 Nxe5 and unusual White 3rd moves} (9... Bg4 10. h3 Bh5 11. Rb1 b6 12. Re1 c6 13. c4 dxc4 14. Bxc4 Nd7 15. Bd3 Re8 16. Bg5 Qxg5 17. Nxg5 Bxd1 18. Rbxd1 Nf6 19. Ne4 {½-½ (19) Fedoseev,V (2731)-So,W (2810) Tbilisi 2017}) 10. h3 $146 ({Predecessor:} 10. Ng5 g6 11. f4 h6 12. Nf3 Ne7 13. Qd2 Bf5 14. Nh4 Re8 15. Nxf5 Nxf5 {½-½ (34) Ljubicic,L (2604)-Moll,R (2622) ICCF email 2013}) 1/2-1/2

[Event "33rd Pula Open 2019"]
[Site "Pula"]
[Date "2019.06.26"]
[Round "6.2"]
[White "Tratar, Marko"]
[Black "Medak, Bojan"]
[Result "1/2-1/2"]
[WhiteElo "2463"]
[BlackElo "2342"]
[Annotator "ChessBase"]
[PlyCount "87"]
[EventDate "2019.06.22"]
[EventType "swiss"]
[EventCountry "CRO"]
[SourceTitle "playchess.com"]
[Source "ChessBase"]
[SourceQuality "1"]
[TimeControl "5400+30"]

1. d4 {[%emt 0:00:30]} d6 {[%emt 0:00:30]} 2. c4 {[%emt 0:00:30]} e5 {[%emt 0:00:00]} 3. Nc3 {[%emt 0:00:30]} exd4 {[%emt 0:00:00]} 4. Qxd4 {[%emt 0:00:30]} Nc6 {[%emt 0:00:30]} 5. Qd2 {[%emt 0:00:00]} Nf6 {[%emt 0:00:30]} 6. e4 {[%emt 0:02:00]} a5 {[%emt 0:02:30]} 7. Bd3 {[%emt 0:04:30]} Ne5 {[%emt 0:01:30]} 8. Be2 {[%emt 0:32:30]} Be6 {[%emt 0:06:30]} 9. b3 {[%emt 0:05:30]} a4 {[%emt 0:03:30]} 10. f4 {[%emt 0:04:30]} Nc6 {[%emt 0:00:30]} 11. Rb1 {[%emt 0:01:30]} axb3 {[%emt 0:02:30]} 12. axb3 {[%emt 0:00:30]} g6 {[%emt 0:00:00]} 13. Nf3 {[%emt 0:06:30]} Bg7 {[%emt 0:00:00]} 14. O-O {[%emt 0:00:30]} O-O {[%emt 0:00:30]} 15. Bb2 {[%emt 0:00:30]} Re8 {[%emt 0:00:30]} 16. Rfe1 {[%emt 0:07:30]} Qb8 {[%emt 0:11:30]} 17. h3 {[%emt 0:06:30]} Qa7+ {[%emt 0:04:30]} 18. Kh2 {[%emt 0:00:30]} Qf2 {[%emt 0:02:30]} 19. Bf1 {[%emt 0:06:25]} Qxd2 {[%emt 0:13:30]} 20. Nxd2 {[%emt 0:00:01]} Nd4 {[%emt 0:00:30]} 21. g4 {[%emt 0:11:27]} h6 {[%emt 0:04:30]} 22. Kg3 {[%emt 0:02:22]} Bd7 {[%emt 0:05:30]} 23. Rbc1 {[%emt 0:03:10]} c5 {[%emt 0:02:30]} 24. Ra1 {[%emt 0:00:45]} Bc6 {[%emt 0:01:30]} 25. Rxa8 {[%emt 0:00:42]} Rxa8 {[%emt 0:00:30]} 26. Ra1 {[%emt 0:01:44]} Re8 {[%emt 0:10:30]} 27. Bd3 {[%emt 0:00:29]} g5 {[%emt 0:00:30]} 28. f5 {[%emt 0:00:21]} Nd7 {[%emt 0:00:30]} 29. Kf2 {[%emt 0:00:07]} Be5 {[%emt 0:00:30]} 30. Ra3 {[%emt 0:01:28]} Bf4 {[%emt 0:02:30]} 31. Nf1 {[%emt 0:00:44]} Nf6 {[%emt 0:05:48]} 32. Nd5 {[%emt 0:00:10]} Bxd5 {[%emt 0:02:11]} 33. exd5 {[%emt 0:00:13]} Ne4+ {[%emt 0:00:41]} 34. Kg2 {[%emt 0:01:02]} h5 {[%emt 0:04:29]} 35. gxh5 {[%emt 0:00:21]} Nf6 {[%emt 0:02:20]} 36. b4 {[%emt 0:00:30]} b6 {[%emt 0:00:40]} 37. Ra7 {[%emt 0:00:47]} Nxh5 {[%emt 0:02:02]} 38. Bxd4 {[%emt 0:00:33]} cxd4 {[%emt 0:00:05]} 39. Kf3 {[%emt 0:00:11]} Ng3 {[%emt 0:00:40]} 40. f6 {[%emt 0:00:32]} Nxf1 {[%emt 0:01:00]} 41. Bxf1 {[%emt 0:00:05]} d3 {[%emt 0:00:03]} 42. Re7 {[%emt 0:00:44]} Kf8 {[%emt 0:01:58]} 43. Rxe8+ {[%emt 0:00:39]} Kxe8 {[%emt 0:00:06]} 44. Bxd3 {[%emt 0:00:26]} 1/2-1/2

[Event "33rd Pula Open 2019"]
[Site "Pula"]
[Date "2019.06.26"]
[Round "6.3"]
[White "Tisaj, Domen"]
[Black "Beletic, Daniel"]
[Result "1/2-1/2"]
[WhiteElo "2232"]
[BlackElo "2380"]
[Annotator "TA"]
[PlyCount "51"]
[EventDate "2019.06.22"]
[EventType "swiss"]
[EventCountry "CRO"]
[SourceTitle "playchess.com"]
[Source "ChessBase"]
[SourceQuality "1"]

{[%evp 15,16,22,16]} 1. e4 e5 2. Nf3 Nc6 3. Bb5 a6 4. Ba4 Nf6 5. O-O b5 6. Bb3 Be7 7. Re1 O-O 8. c3 d6 {Predecessor:} 9. h3 $146 Nb8 10. d4 Nbd7 11. Nbd2 Bb7 12. Bc2 Re8 13. Nf1 Bf8 14. Ng3 g6 15. a4 c5 16. d5 c4 17. Bg5 Nc5 18. Nh2 h6 19. Be3 h5 20. Qf3 Nh7 21. Qe2 Qc7 22. Ngf1 Rab8 23. Nd2 Bc8 24. axb5 axb5 25. f4 exf4 26. Bxf4 {1-0 (42) Vachier Lagrave,M (2780)-Amin,B (2704) Brest 2019} 1/2-1/2

[Event "33rd Pula Open 2019"]
[Site "Pula"]
[Date "2019.06.26"]
[Round "6.4"]
[White "Suta, Andraz"]
[Black "Boric, Muhamed"]
[Result "0-1"]
[WhiteElo "2195"]
[BlackElo "2361"]
[Annotator "NA"]
[PlyCount "100"]
[EventDate "2019.06.22"]
[EventType "swiss"]
[EventCountry "CRO"]
[SourceTitle "playchess.com"]
[Source "ChessBase"]
[SourceQuality "1"]
[TimeControl "5400+30"]

1. e4 {[%emt 0:00:30]} Nf6 {[%emt 0:01:30]} 2. e5 {[%emt 0:00:30]} Nd5 {[%emt 0:00:30]} 3. d4 {[%emt 0:00:30]} d6 {[%emt 0:00:30]} 4. c4 {[%emt 0:07:30]} Nb6 {[%emt 0:00:00]} 5. exd6 {[%emt 0:00:30]} cxd6 {[%emt 0:00:00]} 6. Bd3 {[%emt 0:01:30]} g6 {[%emt 0:01:30]} 7. Ne2 {[%emt 0:00:30]} Bg7 {[%emt 0:00:00]} 8. Nbc3 {[%emt 0:00:30]} Nc6 {[%emt 0:00:00]} 9. Be3 {[%emt 0:00:30]} O-O {[%emt 0:08:30]} 10. O-O {[%emt 0:08:30]} e5 {[%emt 0:38:30]} 11. d5 {[%emt 0:01:30]} Nb4 {[%emt 0:00:30]} 12. c5 {[%emt 0:05:30]} N6xd5 {[%emt 0:00:30]} 13. Bc4 {[%emt 0:03:30]} Nxe3 {[%emt 0:11:30]} 14. fxe3 {[%emt 0:00:30]} d5 {[%emt 0:00:00]} 15. Bxd5 {[%emt 0:01:30]} Nxd5 {[%emt 0:00:00]} 16. Qxd5 {[%emt 0:00:30]} Be6 {[%emt 0:04:30]} 17. Qxb7 {[%emt 0:01:30]} Rb8 {[%emt 0:00:00]} 18. Qxa7 {[%emt 0:01:30]} Rxb2 {[%emt 0:00:00]} 19. Qa3 {[%emt 0:05:30]} Qd2 {[%emt 0:01:30]} 20. Rf2 {[%emt 0:09:30]} Bh6 {[%emt 0:01:30]} 21. Rd1 {[%emt 0:12:30]} Rxa2 {[%emt 0:00:30]} 22. Qb4 {[%emt 0:05:30]} Rb2 {[%emt 0:00:30]} 23. Qa3 {[%emt 0:08:30]} Qc2 {[%emt 0:01:30]} 24. Rc1 {[%emt 0:01:30]} Qb3 {[%emt 0:00:30]} 25. Qxb3 {[%emt 0:00:30]} Rxb3 {[%emt 0:00:00]} 26. Nd1 {[%emt 0:00:00]} Rc8 {[%emt 0:10:44]} 27. Ng3 {[%emt 0:00:00]} Rxe3 {[%emt 0:01:26]} 28. Nxe3 {[%emt 0:01:30]} Bxe3 {[%emt 0:00:06]} 29. Re1 {[%emt 0:00:00]} Bxf2+ {[%emt 0:00:15]} 30. Kxf2 {[%emt 0:00:00]} Rxc5 {[%emt 0:00:04]} 31. Ne4 {[%emt 0:00:30]} Rc2+ {[%emt 0:03:08]} 32. Kg3 {[%emt 0:00:30]} Kg7 {[%emt 0:00:54]} 33. Ng5 {[%emt 0:00:00]} Bd5 {[%emt 0:00:12]} 34. Rxe5 {[%emt 0:00:00]} Rxg2+ {[%emt 0:00:13]} 35. Kf4 {[%emt 0:03:30]} h6 {[%emt 0:02:08]} 36. Rxd5 {[%emt 0:00:30]} hxg5+ {[%emt 0:00:07]} 37. Kf3 {[%emt 0:00:30]} Rxh2 {[%emt 0:00:06]} 38. Rxg5 {[%emt 0:00:30]} f5 {[%emt 0:00:22]} 39. Rg1 {[%emt 0:00:30]} Kf6 {[%emt 0:02:25]} 40. Ra1 {[%emt 0:00:00]} Rb2 {[%emt 0:01:08]} 41. Kf4 {[%emt 0:00:00]} g5+ {[%emt 0:00:07]} 42. Kf3 {[%emt 0:00:00]} Rb3+ {[%emt 0:00:08]} 43. Kf2 {[%emt 0:00:00]} g4 {[%emt 0:00:00]} 44. Ra5 {[%emt 0:00:30]} Kg5 {[%emt 0:00:44]} 45. Rc5 {[%emt 0:00:30]} g3+ {[%emt 0:00:22]} 46. Kg2 {[%emt 0:00:30]} Kg4 {[%emt 0:00:09]} 47. Rc8 {[%emt 0:00:00]} Rb2+ {[%emt 0:00:11]} 48. Kg1 {[%emt 0:00:00]} f4 {[%emt 0:00:05]} 49. Ra8 {[%emt 0:00:30]} Rb1+ {[%emt 0:00:45]} 50. Kg2 {[%emt 0:00:00]} f3# {[%emt 0:00:09]} 0-1

[Event "33rd Pula Open 2019"]
[Site "Pula"]
[Date "2019.06.26"]
[Round "6.5"]
[White "Zelcic, Robert"]
[Black "Franciskovic, Borka"]
[Result "1-0"]
[WhiteElo "2518"]
[BlackElo "2261"]
[Annotator "ChessBase"]
[PlyCount "59"]
[EventDate "2019.06.22"]
[EventType "swiss"]
[EventCountry "CRO"]
[SourceTitle "playchess.com"]
[Source "ChessBase"]
[SourceQuality "1"]
[TimeControl "5400+30"]

1. e4 {[%emt 0:00:30]} c6 {[%emt 0:00:30]} 2. d4 {[%emt 0:00:00]} d5 {[%emt 0:00:00]} 3. Nc3 {[%emt 0:00:00]} dxe4 {[%emt 0:00:00]} 4. Nxe4 {[%emt 0:00:00]} Nf6 {[%emt 0:00:00]} 5. Nxf6+ {[%emt 0:00:00]} exf6 {[%emt 0:00:00]} 6. c3 {[%emt 0:00:00]} Bd6 {[%emt 0:00:30]} 7. Bd3 {[%emt 0:00:00]} O-O {[%emt 0:00:00]} 8. Qc2 {[%emt 0:00:30]} Re8+ {[%emt 0:00:00]} 9. Ne2 {[%emt 0:00:00]} h5 {[%emt 0:00:30]} 10. O-O {[%emt 0:00:00]} h4 {[%emt 0:02:30]} 11. h3 {[%emt 0:00:30]} Nd7 {[%emt 0:00:30]} 12. Bd2 {[%emt 0:00:30]} Nf8 {[%emt 0:06:30]} 13. Rae1 {[%emt 0:01:30]} g6 {[%emt 0:22:30]} 14. c4 {[%emt 0:09:30]} f5 {[%emt 0:13:30]} 15. b4 {[%emt 0:10:30]} Be6 {[%emt 0:09:30]} 16. Bc3 {[%emt 0:00:30]} f4 {[%emt 0:04:30]} 17. f3 {[%emt 0:00:30]} Bc7 {[%emt 0:11:30]} 18. Kh1 {[%emt 0:16:30]} Qd7 {[%emt 0:13:04]} 19. Nc1 {[%emt 0:04:30]} b5 {[%emt 0:03:38]} 20. d5 {[%emt 0:00:30]} cxd5 {[%emt 0:01:00]} 21. cxd5 {[%emt 0:01:30]} Bxd5 {[%emt 0:04:03]} 22. Qf2 {[%emt 0:00:00]} f6 {[%emt 0:03:46]} 23. Bxf6 {[%emt 0:01:00]} Rxe1 {[%emt 0:01:42]} 24. Rxe1 {[%emt 0:00:30]} Bd8 {[%emt 0:00:32]} 25. Ba1 {[%emt 0:01:30]} Bc4 {[%emt 0:01:28]} 26. Qb2 {[%emt 0:00:30]} Qh7 {[%emt 0:00:14]} 27. Qd4 {[%emt 0:09:30]} Rc8 {[%emt 0:00:36]} 28. Bxc4+ {[%emt 0:00:30]} bxc4 {[%emt 0:00:30]} 29. Re8 {[%emt 0:00:00]} Bf6 {[%emt 0:00:56]} 30. Qd5+ {[%emt 0:00:00]} 1-0

[Event "33rd Pula Open 2019"]
[Site "Pula"]
[Date "2019.06.26"]
[Round "6.6"]
[White "Jazdanovs, Aleksandrs"]
[Black "Fercec, Nenad"]
[Result "1/2-1/2"]
[WhiteElo "2232"]
[BlackElo "2446"]
[Annotator "NA"]
[PlyCount "61"]
[EventDate "2019.06.22"]
[EventType "swiss"]
[EventCountry "CRO"]
[SourceTitle "playchess.com"]
[Source "ChessBase"]
[SourceQuality "1"]
[TimeControl "5400+30"]

1. e4 {[%emt 0:00:30]} c5 {[%emt 0:00:30]} 2. Nc3 {[%emt 0:01:30]} d6 {[%emt 0:00:00]} 3. Nf3 {[%emt 0:00:00]} Nf6 {[%emt 0:00:00]} 4. d4 {[%emt 0:00:00]} cxd4 {[%emt 0:00:30]} 5. Nxd4 {[%emt 0:00:00]} a6 {[%emt 0:00:00]} 6. Be3 {[%emt 0:00:00]} e6 {[%emt 0:00:00]} 7. f3 {[%emt 0:00:30]} b5 {[%emt 0:00:30]} 8. Qd2 {[%emt 0:00:00]} Bb7 {[%emt 0:00:30]} 9. g4 {[%emt 0:00:00]} Nfd7 {[%emt 0:00:00]} 10. O-O-O {[%emt 0:01:30]} Nb6 {[%emt 0:00:00]} 11. Nb3 {[%emt 0:00:30]} b4 {[%emt 0:14:30]} 12. Ne2 {[%emt 0:00:30]} a5 {[%emt 0:44:30]} 13. Nc5 {[%emt 0:04:30]} Bc6 {[%emt 0:03:30]} 14. Nf4 {[%emt 0:06:30]} e5 {[%emt 0:05:30]} 15. Nd5 {[%emt 0:08:30]} Nxd5 {[%emt 0:12:52]} 16. exd5 {[%emt 0:00:30]} Bd7 {[%emt 0:00:45]} 17. Ne4 {[%emt 0:00:30]} Be7 {[%emt 0:00:27]} 18. f4 {[%emt 0:04:30]} exf4 {[%emt 0:01:21]} 19. Bxf4 {[%emt 0:00:30]} O-O {[%emt 0:01:57]} 20. Bd3 {[%emt 0:01:30]} Bxg4 {[%emt 0:02:10]} 21. Rdg1 {[%emt 0:05:30]} Bf3 {[%emt 0:02:02]} 22. Ng5 {[%emt 0:06:30]} Bxg5 {[%emt 0:06:34]} 23. Bxg5 {[%emt 0:00:00]} f6 {[%emt 0:01:28]} 24. Bh6 {[%emt 0:01:00]} Rf7 {[%emt 0:00:09]} 25. Bxg7 {[%emt 0:01:30]} Rxg7 {[%emt 0:00:13]} 26. Rxg7+ {[%emt 0:00:00]} Kxg7 {[%emt 0:00:03]} 27. Rg1+ {[%emt 0:00:00]} Kh8 {[%emt 0:00:05]} 28. Bxh7 {[%emt 0:02:30]} Kxh7 {[%emt 0:00:39]} 29. Qf4 {[%emt 0:02:30]} Bh5 {[%emt 0:02:29]} 30. Qf5+ {[%emt 0:00:30]} Kh6 {[%emt 0:00:03]} 31. Qf4+ {[%emt 0:00:00]} 1/2-1/2

[Event "33rd Pula Open 2019"]
[Site "Pula"]
[Date "2019.06.26"]
[Round "6.7"]
[White "Berezjuk, Sergej"]
[Black "Doncevic, Dario"]
[Result "1-0"]
[WhiteElo "2411"]
[BlackElo "2230"]
[Annotator "NA"]
[PlyCount "133"]
[EventDate "2019.06.22"]
[EventType "swiss"]
[EventCountry "CRO"]
[SourceTitle "playchess.com"]
[Source "ChessBase"]
[SourceQuality "1"]
[TimeControl "5400+30"]

1. Nf3 {[%emt 0:00:30]} g6 {[%emt 0:01:30]} 2. e4 {[%emt 0:00:00]} Bg7 {[%emt 0:00:30]} 3. d4 {[%emt 0:00:00]} d6 {[%emt 0:00:30]} 4. Bc4 {[%emt 0:00:30]} Nf6 {[%emt 0:01:30]} 5. Qe2 {[%emt 0:00:30]} O-O {[%emt 0:02:30]} 6. e5 {[%emt 0:01:30]} dxe5 {[%emt 0:00:30]} 7. dxe5 {[%emt 0:00:30]} Nd5 {[%emt 0:00:30]} 8. h3 {[%emt 0:03:30]} Be6 {[%emt 0:03:30]} 9. O-O {[%emt 0:04:30]} Nc6 {[%emt 0:00:30]} 10. Na3 {[%emt 0:14:30]} Qc8 {[%emt 0:27:30]} 11. Bb5 {[%emt 0:08:30]} Rd8 {[%emt 0:14:30]} 12. Re1 {[%emt 0:05:30]} Nb6 {[%emt 0:05:30]} 13. Bg5 {[%emt 0:05:30]} h6 {[%emt 0:05:30]} 14. Bh4 {[%emt 0:09:30]} Nd4 {[%emt 0:05:30]} 15. Nxd4 {[%emt 0:03:30]} Rxd4 {[%emt 0:00:00]} 16. Bxe7 {[%emt 0:03:30]} Nd5 {[%emt 0:01:00]} 17. Bc5 {[%emt 0:11:30]} Rh4 {[%emt 0:00:30]} 18. Qf3 {[%emt 0:00:30]} Rh5 {[%emt 0:09:02]} 19. Bf1 {[%emt 0:05:30]} Rf5 {[%emt 0:00:30]} 20. Qd1 {[%emt 0:00:30]} Rg5 {[%emt 0:00:30]} 21. h4 {[%emt 0:00:30]} Rxe5 {[%emt 0:00:30]} 22. Rxe5 {[%emt 0:00:30]} Bxe5 {[%emt 0:00:30]} 23. Bd4 {[%emt 0:00:30]} Bxd4 {[%emt 0:00:30]} 24. Qxd4 {[%emt 0:00:30]} c5 {[%emt 0:00:30]} 25. Qd2 {[%emt 0:00:30]} Qd8 {[%emt 0:00:30]} 26. Qxh6 {[%emt 0:00:30]} Qf6 {[%emt 0:00:30]} 27. c3 {[%emt 0:00:30]} Ne7 {[%emt 0:00:30]} 28. Bc4 {[%emt 0:00:30]} Rd8 {[%emt 0:00:30]} 29. Re1 {[%emt 0:00:30]} Nf5 {[%emt 0:06:10]} 30. Qg5 {[%emt 0:11:45]} Qxg5 {[%emt 0:00:33]} 31. hxg5 {[%emt 0:00:59]} Rd2 {[%emt 0:00:00]} 32. Bxe6 {[%emt 0:00:00]} fxe6 {[%emt 0:00:00]} 33. Nc4 {[%emt 0:00:59]} Rc2 {[%emt 0:00:00]} 34. Rxe6 {[%emt 0:00:45]} b5 {[%emt 0:00:30]} 35. Rxg6+ {[%emt 0:01:18]} Kh7 {[%emt 0:00:30]} 36. Rf6 {[%emt 0:00:35]} Ng7 {[%emt 0:00:30]} 37. Ne3 {[%emt 0:00:39]} Rxb2 {[%emt 0:00:30]} 38. Ra6 {[%emt 0:00:41]} Rb1+ {[%emt 0:00:30]} 39. Kh2 {[%emt 0:00:40]} Rc1 {[%emt 0:00:30]} 40. Rxa7 {[%emt 0:00:38]} Kg6 {[%emt 0:00:30]} 41. Ra5 {[%emt 0:00:42]} Rxc3 {[%emt 0:00:30]} 42. Rxb5 {[%emt 0:00:34]} Kxg5 {[%emt 0:01:12]} 43. f4+ {[%emt 0:01:16]} Kh5 {[%emt 0:00:08]} 44. Nd5 {[%emt 0:03:03]} Rc2 {[%emt 0:00:39]} 45. Nf6+ {[%emt 0:00:19]} Kg6 {[%emt 0:00:37]} 46. Ne4 {[%emt 0:00:15]} c4 {[%emt 0:00:29]} 47. Rg5+ {[%emt 0:00:00]} Kf7 {[%emt 0:00:35]} 48. Nd6+ {[%emt 0:00:22]} Ke7 {[%emt 0:00:38]} 49. Nxc4 {[%emt 0:00:30]} Ne6 {[%emt 0:00:38]} 50. Re5 {[%emt 0:00:00]} Rxc4 {[%emt 0:00:00]} 51. f5 {[%emt 0:00:26]} Kf6 {[%emt 0:00:03]} 52. Rxe6+ {[%emt 0:00:00]} Kxf5 {[%emt 0:00:44]} 53. Ra6 {[%emt 0:00:04]} Kg4 {[%emt 0:00:10]} 54. a4 {[%emt 0:00:06]} Rc2 {[%emt 0:00:00]} 55. a5 {[%emt 0:00:00]} Kg5 {[%emt 0:00:00]} 56. Ra8 {[%emt 0:00:07]} Ra2 {[%emt 0:00:38]} 57. a6 {[%emt 0:00:30]} Kg6 {[%emt 0:00:40]} 58. Kg3 {[%emt 0:00:34]} Ra4 {[%emt 0:00:05]} 59. Kf3 {[%emt 0:00:37]} Kg7 {[%emt 0:01:14]} 60. Ke3 {[%emt 0:02:34]} Ra2 {[%emt 0:00:51]} 61. Ra7+ {[%emt 0:00:08]} Kg6 {[%emt 0:02:09]} 62. Kd4 {[%emt 0:02:10]} Rxg2 {[%emt 0:01:50]} 63. Rc7 {[%emt 0:01:48]} Ra2 {[%emt 0:00:06]} 64. Rc6+ {[%emt 0:00:00]} Kf7 {[%emt 0:00:32]} 65. Kc5 {[%emt 0:00:00]} Ke7 {[%emt 0:01:30]} 66. Kb6 {[%emt 0:00:05]} Kd7 {[%emt 0:00:37]} 67. Kb7 {[%emt 0:00:30]} 1-0

[Event "33rd Pula Open 2019"]
[Site "Pula"]
[Date "2019.06.26"]
[Round "6.8"]
[White "Zufic, Miroslav"]
[Black "Rubil, Marko"]
[Result "1/2-1/2"]
[WhiteElo "2380"]
[BlackElo "2226"]
[Annotator "NA"]
[PlyCount "45"]
[EventDate "2019.06.22"]
[EventType "swiss"]
[EventCountry "CRO"]
[SourceTitle "playchess.com"]
[Source "ChessBase"]
[SourceQuality "1"]
[TimeControl "5400+30"]

1. Nf3 {[%emt 0:00:30]} d5 {[%emt 0:00:30]} 2. g3 {[%emt 0:01:30]} g6 {[%emt 0:00:30]} 3. Bg2 {[%emt 0:00:30]} Bg7 {[%emt 0:00:30]} 4. d4 {[%emt 0:00:30]} Nh6 {[%emt 0:00:30]} 5. O-O {[%emt 0:02:30]} Nf5 {[%emt 0:00:00]} 6. c3 {[%emt 0:00:30]} Nd6 {[%emt 0:06:00]} 7. Bf4 {[%emt 0:05:30]} Nd7 {[%emt 0:07:30]} 8. Qc1 {[%emt 0:13:30]} O-O {[%emt 0:11:30]} 9. Bh6 {[%emt 0:05:30]} Bxh6 {[%emt 0:01:30]} 10. Qxh6 {[%emt 0:00:30]} f6 {[%emt 0:00:00]} 11. Nfd2 {[%emt 0:09:30]} c6 {[%emt 0:29:00]} 12. e4 {[%emt 0:05:30]} Qb6 {[%emt 0:04:30]} 13. exd5 {[%emt 0:12:30]} Qxb2 {[%emt 0:00:30]} 14. Nb3 {[%emt 0:04:30]} cxd5 {[%emt 0:08:30]} 15. Bxd5+ {[%emt 0:09:30]} Kh8 {[%emt 0:00:00]} 16. Qe3 {[%emt 0:06:40]} e5 {[%emt 0:09:51]} 17. Qd2 {[%emt 0:12:45]} Qxd2 {[%emt 0:00:29]} 18. N1xd2 {[%emt 0:00:30]} Nb6 {[%emt 0:00:40]} 19. Bg2 {[%emt 0:00:22]} exd4 {[%emt 0:03:25]} 20. cxd4 {[%emt 0:01:14]} Be6 {[%emt 0:01:14]} 21. Rac1 {[%emt 0:01:19]} Rf7 {[%emt 0:00:31]} 22. Rfe1 {[%emt 0:02:27]} Bd5 {[%emt 0:00:37]} 23. Rc5 {[%emt 0:01:58]} 1/2-1/2

[Event "33rd Pula Open 2019"]
[Site "Pula"]
[Date "2019.06.26"]
[Round "6.9"]
[White "Jelen, Igor"]
[Black "Urh, Zala"]
[Result "1/2-1/2"]
[WhiteElo "2353"]
[BlackElo "2127"]
[Annotator "NA"]
[PlyCount "85"]
[EventDate "2019.06.22"]
[EventType "swiss"]
[EventCountry "CRO"]
[SourceTitle "playchess.com"]
[Source "ChessBase"]
[SourceQuality "1"]
[TimeControl "5400+30"]

1. d4 {[%emt 0:00:30]} Nf6 {[%emt 0:00:30]} 2. c4 {[%emt 0:00:00]} e6 {[%emt 0:00:00]} 3. Nc3 {[%emt 0:00:00]} Bb4 {[%emt 0:00:00]} 4. e3 {[%emt 0:00:30]} O-O {[%emt 0:00:30]} 5. Bd3 {[%emt 0:00:00]} d5 {[%emt 0:00:00]} 6. Nf3 {[%emt 0:00:00]} b6 {[%emt 0:01:00]} 7. O-O {[%emt 0:02:30]} Bb7 {[%emt 0:00:30]} 8. cxd5 {[%emt 0:00:30]} exd5 {[%emt 0:00:30]} 9. Ne5 {[%emt 0:00:30]} c5 {[%emt 0:06:30]} 10. f4 {[%emt 0:01:30]} Nc6 {[%emt 0:03:30]} 11. Ne2 {[%emt 0:00:30]} Rc8 {[%emt 0:02:30]} 12. a3 {[%emt 0:05:30]} Ba5 {[%emt 0:01:30]} 13. Ng3 {[%emt 0:07:30]} c4 {[%emt 0:09:30]} 14. Bc2 {[%emt 0:04:30]} b5 {[%emt 0:01:30]} 15. Nh5 {[%emt 0:06:30]} Rc7 {[%emt 0:04:30]} 16. Kh1 {[%emt 0:09:30]} Nxh5 {[%emt 0:09:30]} 17. Qxh5 {[%emt 0:00:30]} g6 {[%emt 0:00:30]} 18. Qh6 {[%emt 0:02:30]} f6 {[%emt 0:01:30]} 19. Nf3 {[%emt 0:03:30]} Qe7 {[%emt 0:06:30]} 20. g4 {[%emt 0:11:30]} Qg7 {[%emt 0:05:30]} 21. Qh3 {[%emt 0:03:30]} Re7 {[%emt 0:07:30]} 22. g5 {[%emt 0:10:30]} fxg5 {[%emt 0:01:30]} 23. Nxg5 {[%emt 0:00:30]} Bc8 {[%emt 0:06:30]} 24. Qg2 {[%emt 0:00:30]} Rd8 {[%emt 0:00:30]} 25. Bd2 {[%emt 0:04:30]} Bxd2 {[%emt 0:02:30]} 26. Qxd2 {[%emt 0:00:00]} Qf6 {[%emt 0:00:30]} 27. Nf3 {[%emt 0:08:42]} Bf5 {[%emt 0:00:30]} 28. Ne5 {[%emt 0:00:09]} Rc7 {[%emt 0:02:30]} 29. Rf2 {[%emt 0:08:49]} Rb8 {[%emt 0:01:30]} 30. Rg1 {[%emt 0:00:34]} b4 {[%emt 0:03:30]} 31. Nxc6 {[%emt 0:05:28]} Rxc6 {[%emt 0:00:00]} 32. axb4 {[%emt 0:00:13]} Rcb6 {[%emt 0:01:00]} 33. Rg5 {[%emt 0:01:22]} Bxc2 {[%emt 0:02:30]} 34. Qxc2 {[%emt 0:00:05]} Rxb4 {[%emt 0:00:00]} 35. Rxd5 {[%emt 0:02:00]} Qc6 {[%emt 0:03:05]} 36. e4 {[%emt 0:01:51]} Qa6 {[%emt 0:02:56]} 37. Qc1 {[%emt 0:00:59]} c3 {[%emt 0:00:54]} 38. Qxc3 {[%emt 0:00:13]} Rxb2 {[%emt 0:01:26]} 39. Rd8+ {[%emt 0:00:57]} Rxd8 {[%emt 0:01:35]} 40. Qxb2 {[%emt 0:00:06]} Qc4 {[%emt 0:00:08]} 41. Qa2 {[%emt 0:00:44]} Qxa2 {[%emt 0:00:18]} 42. Rxa2 {[%emt 0:00:12]} Rxd4 {[%emt 0:00:04]} 43. f5 {[%emt 0:01:01]} 1/2-1/2